Escudos de la Liga Oficial de fútbol de Río grande - Estadísticas

Estadísticas generales
  • Esta prueba ha sido intentada 7 veces
  • La puntuación promedio es 3 de 10
Estadísticas de respuestas
Imagen Respuesta % Correcto
Camioneros de Río Grande
100%
Sacachispas de Río Grande
75%
Real Madrid
50%
San Martín de Río Grande
25%
Trabajadores de Entidades Deportivas y Civiles de Río Grande
25%
Deportivo Frías
0%
Estrella Austral
0%
Hay Vida en Jesús
0%
Petroquímica Chinese
0%
Unión Santiago
0%
No se encontraron pruebas coincidentes
Distribución de puntuación
Porcentaje de gente con cada puntuación
Porcentaje por número respondido
Historial de tus puntuaciones
No has intentado esta prueba.